000 00881nam a2200253Ia 4500
003 OSt
005 20220923211059.0
006 a|||||r|||| 00| 0
007 ta
008 Pun
020 _a817856131X (hbk)
_c300
024 _a239,961
037 _b165, 24/10/2009, H.K. Prakashan
_cTextual
040 _aARTS
_cARTS
_bPun
041 _2Pun
_aPun
082 _aO153,1:g, P5
100 _aਪੂਹੀ, ਬਲਜੀਤ ਸਿੰਘ
_9156315
245 0 _aਕਨੇਡੀਅਨ ਪੰਜਾਬੀ ਕਵਿਤਾ
_b ਸੰਵਾਦ ਅਤੇ ਸਮਾਲੋਚਨਾ
260 _aਅੰਮ੍ਰਿਤਸਰ
_b ਵਾਰਿF Fਾਹ
_c2005
300 _a272ਪੰ
_ccm.
650 _aਪੰਜਾਬੀ ਸਾਹਿਤ
942 _hO153,1:g, P5
_cTEXL
_2CC
999 _c294942
_d294942